000 00837nam a2200229 a 4500
001 BRCA_4740
005 20190320204802.0
008 071010s1867----fr-a######---#000-0#fre-#
041 _afre
044 _afr
050 4 _aND813.G6
_b.Y88 1867
100 1 _aYriarte, Charles
_912001
245 1 0 _aGoya
_bSa biographie, les fresques, les toiles, les tapisseries, les eaux-fortes et le catalogues de l´oeuvre avec cinquante planches inedites d´apres les copies de Tabar, Boucourt et Ch. Yriarte
_cCharles Yriarte.
260 _aParís
_bHenri Plon
_c1867
300 _a156 p.
_bil.
_c32 cm.
500 _aIncluye un catálogo de las pinturas de Goya y tabla de grabados
500 _aD82
600 1 4 _aGoya y Lucientes, Francisco José de
_d1746-1828
_911075
650 1 4 _aPintores españoles
_97620
902 _aGFM
942 _2lcc
_cB
999 _c4438
_d4438